Dictionnaire des mathématiques

Uloženo v:
Podrobná bibliografie
Hlavní autor: Lucien Chambadal
Médium: Kniha
Jazyk:Undetermined
Vydáno: Paris Larousse 1969
Témata:
Tagy: Přidat tag
Žádné tagy, Buďte první, kdo otaguje tento záznam!
Thư viện lưu trữ: Trung tâm Học liệu Trường Đại học Cần Thơ
LEADER 00480nam a2200181Ia 4500
001 CTU_26200
008 210402s9999 xx 000 0 und d
082 |a 512 
082 |b C442 
100 |a Lucien Chambadal 
245 0 |a Dictionnaire des mathématiques 
245 0 |c Lucien Chambadal 
260 |a Paris 
260 |b Larousse 
260 |c 1969 
650 |a mathematics - dictionaries 
904 |i Minh, 981012 
980 |a Trung tâm Học liệu Trường Đại học Cần Thơ